[Event "LSS ZN-2009-0-00528"]
[Site "LSS email"]
[Date "2009.01.18"]
[Round "?"]
[White "Greene, Robert"]
[Black "Bester, Kazimierz"]
[Result "0-1"]
[WhiteElo "800"]
[BlackElo "587"]
[PlyCount "44"]
[EventDate "2009.01.17"]
[EventType "match (corr)"]
[EventRounds "2"]
[EventCountry "GER"]
[SourceTitle "Corr 2011"]
[Source "ChessBase"]
[SourceDate "2010.08.31"]
[SourceVersion "1"]
[SourceVersionDate "2010.08.31"]
[SourceQuality "1"]

1. e4 c5 2. Nc3 a6 3. Nf3 d6 4. Nd5 e6 5. d3 exd5 6. exd5 Nf6 7. c4 Be7 8. Bg5 0-0 9. Nh4 Re8 10. Be2 h6 11. Bf4 Nh7 12. Bg4 Bxh4+ 13. Kd2 Bxg4 14. Qc2 Bxf2 15. Rhf1 Re2+ 16. Kc1 Rxc2+ 17. Kxc2 Bd4 18. h3 Bh5 19. g4 Bg6 20. Rae1 b5 21. Be3 bxc4 22. Bxd4 Bxd3+ 0-1

[Event "LSS ZN-2008-0-00527"]
[Site "LSS email"]
[Date "2009.01.15"]
[Round "?"]
[White "McGuire, Paul"]
[Black "Greene, Robert"]
[Result "1-0"]
[WhiteElo "637"]
[BlackElo "800"]
[PlyCount "37"]
[EventDate "2009.01.13"]
[EventType "match (corr)"]
[EventRounds "2"]
[EventCountry "GER"]
[SourceTitle "Corr 2011"]
[Source "ChessBase"]
[SourceDate "2010.08.31"]
[SourceVersion "1"]
[SourceVersionDate "2010.08.31"]
[SourceQuality "1"]

1. c4 e5 2. e4 Bd6 3. Nf3 f6 4. d3 Nc6 5. Be2 Na5 6. Bd2 b6 7. 0-0 Bc5 8. a3 d6 9. b4 Bxf2+ 10. Rxf2 Nc6 11. Nc3 a5 12. Qa4 Bd7 13. b5 Nd4 14. Nxd4 exd4 15. Nd5 Ne7 16. Nxe7 Qxe7 17. Raf1 c5 18. bxc6 Bc8 19. c7+ 1-0

[Event "LSS ZN-2008-0-00525"]
[Site "LSS email"]
[Date "2009.01.10"]
[Round "?"]
[White "Greene, Robert"]
[Black "Yangibayev, Rustam"]
[Result "0-1"]
[WhiteElo "800"]
[BlackElo "502"]
[PlyCount "56"]
[EventDate "2009.01.09"]
[EventType "match (corr)"]
[EventRounds "2"]
[EventCountry "GER"]
[SourceTitle "Corr 2011"]
[Source "ChessBase"]
[SourceDate "2010.08.31"]
[SourceVersion "1"]
[SourceVersionDate "2010.08.31"]
[SourceQuality "1"]

1. e4 c6 2. d4 d5 3. Nc3 dxe4 4. Nxe4 Bf5 5. Nc3 Nf6 6. Nf3 e6 7. Ne5 Bb4 8. a3 Ba5 9. b4 Bb6 10. Na4 Bc7 11. h3 h6 12. g4 Bh7 13. Bf4 Ne4 14. f3 Nf6 15. g5 hxg5 16. Bxg5 Nbd7 17. h4 Qe7 18. Nc5 Nxc5 19. bxc5 Ba5+ 20. Bd2 Bc7 21. c3 Bxe5 22. dxe5 Nd5 23. Qa4 Qxc5 24. Bh3 Bd3 25. Qb3 Ba6 26. 0-0-0 Rxh4 27. Rhg1 Rxh3 28. Rxg7 Rxf3 0-1

[Event "LSS OP-2008-0-00702"]
[Site "LSS email"]
[Date "2008.12.22"]
[Round "?"]
[White "Greene, Robert"]
[Black "Reede, Arvo"]
[Result "0-1"]
[WhiteElo "800"]
[BlackElo "792"]
[PlyCount "50"]
[EventDate "2008.12.19"]
[EventType "tourn (corr)"]
[EventRounds "4"]
[EventCountry "GER"]
[SourceTitle "Corr 2011"]
[Source "ChessBase"]
[SourceDate "2010.08.31"]
[SourceVersion "1"]
[SourceVersionDate "2010.08.31"]
[SourceQuality "1"]

1. d4 Nf6 2. Nf3 d5 3. Nc3 g6 4. Ne5 Bg7 5. e3 0-0 6. Bd3 Nbd7 7. 0-0 c5 8. e4 cxd4 9. Na4 Nxe5 10. c3 dxc3 11. Nxc3 Nxd3 12. Qxd3 dxe4 13. Qh3 Bxh3 14. gxh3 Qd3 15. Bf4 Qxh3 16. Rae1 Nh5 17. Bg3 Bxc3 18. bxc3 Nxg3 19. fxg3 Qe6 20. Rf4 f5 21. h4 Qxa2 22. Rf2 Qc4 23. Re3 Rfd8 24. Kg2 Rd3 25. Rxd3 Qxd3 0-1

[Event "LSS OP-2008-0-00702"]
[Site "LSS email"]
[Date "2008.12.22"]
[Round "?"]
[White "Yangibayev, Rustam"]
[Black "Greene, Robert"]
[Result "1-0"]
[WhiteElo "502"]
[BlackElo "800"]
[PlyCount "103"]
[EventDate "2008.12.19"]
[EventType "tourn (corr)"]
[EventRounds "4"]
[EventCountry "GER"]
[SourceTitle "Corr 2011"]
[Source "ChessBase"]
[SourceDate "2010.08.31"]
[SourceVersion "1"]
[SourceVersionDate "2010.08.31"]
[SourceQuality "1"]

1. d4 Nc6 2. c4 e5 3. d5 Nd4 4. e3 Nf5 5. Bd3 Nd6 6. Nf3 f6 7. Nc3 c6 8. Bc2 Nxc4 9. dxc6 dxc6 10. Qxd8+ Kxd8 11. Bb3 Nd6 12. Bd2 Nh6 13. Rd1 e4 14. Nd4 c5 15. Nde2 c4 16. Bc2 Bg4 17. Nxe4 Ndf5 18. Ba5+ Ke7 19. Bb4+ Kf7 20. Rd7+ Ke8 21. Rxb7 a5 22. Ba4+ Kd8 23. Bc3 Kc8 24. Rb5 Rb8 25. Rxa5 Bb4 26. Bxb4 Rxb4 27. N2c3 Rxb2 28. 0-0 Rd8 29. Rc1 Rd3 30. Rc5+ Kd8 31. Rxc4 Rd7 32. Bxd7 Kxd7 33. Rd1+ Bxd1 34. h3 Rc2 35. a4 Rc1 36. Kh2 Bc2 37. Nc5+ Kd6 38. Nb5+ Kc6 39. Nb3+ Kd5 40. Rc5+ Ke4 41. Nxc1 Bxa4 42. Rc4+ Ke5 43. Rxa4 Ke6 44. Nd3 Nd6 45. Nxd6 Kxd6 46. Ra5 Ke7 47. Ra6 Kf7 48. Nf4 g5 49. Nd5 Kg6 50. Rxf6+ Kh5 51. e4 Kh4 52. Rxh6# 1-0

[Event "IECC CL4-2000.23"]
[Site "IECC email"]
[Date "2000.04.28"]
[Round "?"]
[White "Neumann, Ulrich"]
[Black "Greene, Robert"]
[Result "1-0"]
[WhiteElo "1643"]
[BlackElo "1577"]
[PlyCount "41"]
[EventDate "2000.??.??"]
[EventType "tourn (corr)"]
[EventRounds "4"]
[SourceTitle "Corr 2008"]
[Source "ChessBase"]
[SourceDate "2008.06.24"]
[SourceVersion "1"]
[SourceVersionDate "2008.06.24"]
[SourceQuality "1"]

1. d4 e6 2. c4 d5 3. Nc3 Bb4 4. Nf3 Nf6 5. Bg5 c6 6. Qb3 Na6 7. e3 dxc4 8. Bxc4 b5 9. Be2 Bb7 10. 0-0 0-0 11. a4 Bxc3 12. bxc3 Qd5 13. c4 Qf5 14. axb5 cxb5 15. Bxf6 gxf6 16. Nh4 Qg5 17. Bf3 Qxh4 18. Bxb7 Nc7 19. Bxa8 Rxa8 20. Qb4 Nd5 21. cxd5 1-0

[Event "IECC CL4-2000.19"]
[Site "IECC email"]
[Date "2000.03.23"]
[Round "?"]
[White "Greene, Robert"]
[Black "Perez, Maria Jose"]
[Result "0-1"]
[WhiteElo "1592"]
[BlackElo "1731"]
[PlyCount "22"]
[EventDate "2000.??.??"]
[EventType "tourn (corr)"]
[EventRounds "4"]
[SourceTitle "Corr 2008"]
[Source "ChessBase"]
[SourceDate "2008.06.24"]
[SourceVersion "1"]
[SourceVersionDate "2008.06.24"]
[SourceQuality "1"]

1. e4 c6 2. d4 d5 3. e5 Bf5 4. Nd2 e6 5. g4 Bg6 6. h4 h5 7. g5 c5 8. c3 Nc6 9. Ne2 cxd4 10. cxd4 Nb4 11. Nf4 Nc2+ 0-1